Marketingové prostredie vybraného strojárskeho podniku bakalárska práca

Saved in:
Bibliographic Details
Main Author: Hudák, Peter
Corporate Author: Podnikovohospodárska fakulta EU so sídlom v Košiciach. Katedra obchodného podnikania
Other Authors: Gajdoš, Jozef, 1962-2025
Format: Book
Language:Slovak
Published: Košice 2017
Tags: Add Tag
No Tags, Be the first to tag this record!

MARC

LEADER 00000nbm a2200000 4500
001 0231606
005 20171113110809.7
041 0 |a slo 
044 |a SK 
245 1 0 |a Marketingové prostredie vybraného strojárskeho podniku  |b bakalárska práca  |c Peter Hudák ; školiteľ: Jozef Gajdoš 
264 1 |a Košice  |c 2017 
300 |a 57 s. 
100 1 |a Hudák, Peter 
700 1 |a Gajdoš, Jozef, 1962-2025 
710 2 |a Podnikovohospodárska fakulta EU so sídlom v Košiciach. Katedra obchodného podnikania